[Event "Amager-ch B"]
[Site "Amager"]
[Date "2013.08.20"]
[Round "1"]
[White "Andersen, Peter"]
[Black "Bloch Nielsen, Kenneth"]
[Result "1/2-1/2"]
[WhiteElo "1361"]
[BlackElo "1086"]
[PlyCount "75"]
[EventDate "2013.08.20"]
[EventType "swiss"]
[EventRounds "9"]
[EventCountry "DEN"]
[SourceTitle "EXT 2023"]
[Source "ChessBase"]
[SourceDate "2022.10.05"]
[SourceVersion "1"]
[SourceVersionDate "2022.10.05"]
[SourceQuality "1"]

1. d4 e6 2. c4 c5 3. d5 exd5 4. cxd5 Nf6 5. Nc3 h6 6. e4 d6 7. f4 Nbd7 8. Nf3 b6 9. Bd3 Bb7 10. 0-0 Be7 11. h3 0-0 12. Be3 Nh7 13. Qc2 Re8 14. Rfe1 a6 15. a4 Bh4 16. Bf2 Bxf2+ 17. Qxf2 Qf6 18. g3 Kh8 19. Re2 g5 20. fxg5 Nxg5 21. Nxg5 Qxg5 22. Kh2 Ne5 23. Rd1 Rg8 24. Bc2 Rg7 25. g4 Rag8 26. Qf5 Qh4 27. Kg2 Nxg4 28. hxg4 Rxg4+ 29. Kf1 Rf4+ 30. Qxf4 Qxf4+ 31. Rf2 Qg3 32. Ke2 Bc8 33. Rh1 Qg4+ 34. Ke1 h5 35. Bd1 Qg3 36. Bxh5 Qe3+ 37. Be2+ Kg7 38. Rg1+ 1/2-1/2